Statistics for APUSH study guide

Click here to take the quiz!

General Stats

  • This quiz has been taken 31 times
    (17 since last reset)
  • The average score is 3 of 57

Answer Stats

HintAnswer% Correct
1845 PresidentJames Polk
80%
1898 WarSpanish-American War
40%
1850 LegislationCompromise of 1850/Fugitive Slave Act
33%
1873 Era"Gilded Age"
27%
1848 EconomicsGold Rush
13%
1896 Supreme CourtPlessy vs Ferguson
13%
1868 Legislation14th Amendment
7%
1870 Legislation15th Amendment
7%
1875 LegislationCivil Rights Act
7%
1865 WarCivil War Ends
7%
1861 WarCivil War Starts
7%
1877 EraEnd of Reconstruction
7%
1862 LegislationHomestead Act
7%
1879 MovementKansas Exodus
7%
1913 Legislation16th and 17th Amendment
0%
1877 LegislationBargain of 1877
0%
1876 WarBattle of Little Bighorn
0%
1867 LegislationBlack Codes
0%
1895 MovementBooker T Washington Speech
0%
1873 EconomicsCarnegie's Vertical Integration
0%
1882 LegislationChinese Exclusion Act
0%
1866 LegislationCivil Rights Bill
0%
1883 LegislationCivil Rights Cases
0%
1883 LegislationCivil Service Act
0%
1894 MovementCoxey's Army
0%
1887 LegislationDawes Act
0%
1897 EconomicsDingley Tarrif
0%
1884 Supreme CourtElk vs Williams
0%
1870 LegislationEnforcement Acts
0%
1905 EconomicsFord Established
0%
1900 LegislationGold Standard Act
0%
1877 MovementGreat Railroad Strike
0%
1889 MovementHull House
0%
1894 MovementImmigration restriction league
0%
1901 Supreme CourtInsular Cases
0%
1886 MovementKnights of Labor
0%
1854 Political PartyKnow-Nothings
0%
1866 OrganizationKu Klux Clan
0%
1890 WarMassacre at Wounded Knee
0%
1877 Supreme CourtMunn vs Illinois
0%
1890 MovementNational American Woman Suffrage Organization
0%
1896 MovementNational Association Of Colored Women
0%
1873 EconomicsNational Economic Depression
0%
1893 EconomicsPanic of 1893
0%
1899 WarPhilippine War
0%
1883 EraRailroads Create Time Zones
0%
1867 LegislationReconstruction Act/ Radical Reconstruction
0%
1875 MovementRedeemers
0%
1890 LegislationSherman Antitrust Act
0%
1886 EconomicStandard National Gauge
0%
1914 WarStart of WWI
0%
1909 MovementUprising of 20,000
0%
1876 Supreme CourtUSA vs Cruikshank
0%
1895 Supreme CourtUS vs EC Knight Co
0%
1886 Supreme CourtWabash vs Illinois
0%
1898 Supreme CourtWong Kim Ark vs US
0%
1886 Supreme CourtYick Wo vs Hopkins
0%

Score Distribution

Percentile by Number Answered

Percent of People with Each Score

Your Score History

You have not taken this quiz since the last reset